El preso [juego] /

Guardado en:
Formato: Objeto Físico
Publicado: Argentina : Ruibal, [200?]
Materias:
Etiquetas: Agregar Etiqueta
Sin Etiquetas, Sea el primero en etiquetar este registro!
LEADER 00649nrm a22001575g 4500
001 CEM.cems019266
008 130507b200?##################0###0#####d
005 20220830104114.0
003 CEMS
245 0 0 |a El preso [juego] /  |c Ruibal 
260 |a Argentina :  |b Ruibal,  |c [200?] 
300 |a 1 juego (1 casillero con 9 celdas, 2 dados, lápiz y anotador) ; en caja 21 x 31 x 4 cm. + instrucciones. 
500 |a Para 2 a 8 jugadores a partir de 8 años y adultos objetivo: evitar que se escapen los presos cerrando la mayor cantidad posible de "celdas". 
082 0 4 |a J795.1 
653 |a 1. juegos de dados 
859 |a CEMS  |b BIB. CEMS - Ludoteca  |h J795.1  |i R858  |p 307.04  |t Ej.1